书目信息 |
| 题名: |
古代冷知识
|
|
| 作者: | 古人很潮 编著 | |
| 分册: | ||
| 出版信息: | 武汉 长江出版社 2017 |
|
| 页数: | 229页 | |
| 开本: | 21cm | |
| 丛书名: | ||
| 单 册: | ||
| 中图分类: | K220.9 | |
| 科图分类: | ||
| 主题词: | 中国历史--古代史--通俗读物 | |
| 电子资源: | ||
| ISBN: | 978-7-5492-5471-2 | |
| 000 | 01025nam0 2200253 450 | |
| 001 | 012001004122 | |
| 005 | 20140928162348.0 | |
| 010 | @a978-7-5492-5471-2@dCNY35.00 | |
| 100 | @a20180217d2017 em y0chiy50 ea | |
| 101 | 0 | @achi |
| 102 | @aCN@b420000 | |
| 105 | @ay z 000yy | |
| 106 | @ar | |
| 200 | 1 | @a古代冷知识@9gu dai leng zhi shi |
| 210 | @a武汉@c长江出版社@d2017 | |
| 215 | @a229页@d21cm | |
| 305 | @a本书经由天津漫娱文化传播有限公司正式授权长江出版社, 在中国大陆地区独家出版中文简体版本, 并取得其他衍生授权 | |
| 314 | @a封面题:古人很潮编著 | |
| 330 | @a本书以问答互动的形式展现出关于古代人民生活方式、官场宫廷生活以及战争历史中被人忽略的、鲜为人知的知识,让读者能更身临其境地了解当时的社会现状、生活情景、名士风貌以及民俗知识,拾遗补阙,让读者从各个方面进一步加深对我国历史的了解,展现出一个更加生动鲜明的古代社会。 | |
| 606 | 0 | @a中国历史@x古代史@j通俗读物 |
| 690 | @aK220.9@v5 | |
| 701 | 0 | @a古人很潮@9gu ren hen chao@4编著 |
| 801 | 0 | @aCN@b上海新华@c20180901 |
| 905 | @b1165676-80@dK220.9@e132@f5 | |
| 古代冷知识.-武汉:长江出版社,2017 |
| 229页;21cm |
| ISBN 978-7-5492-5471-2:CNY35.00 |
| 本书以问答互动的形式展现出关于古代人民生活方式、官场宫廷生活以及战争历史中被人忽略的、鲜为人知的知识,让读者能更身临其境地了解当时的社会现状、生活情景、名士风貌以及民俗知识,拾遗补阙,让读者从各个方面进一步加深对我国历史的了解,展现出一个更加生动鲜明的古代社会。 |
| ● |
| 相关链接 |
|
|
|
|
正题名:古代冷知识
索取号:K220.9/132
 
预约/预借
| 序号 | 登录号 | 条形码 | 馆藏地/架位号 | 状态 | 备注 |
| 1 | 1165676 | 211656769 | 第二样本阅览室/ [索取号:K220.9/132] | 在馆 | |
| 2 | 1165677 | 211656778 | 密集书库-史法系/ [索取号:K220.9/132] | 在馆 | |
| 3 | 1165678 | 211656787 | 第二借阅区/ [索取号:K220.9/132] | 在馆 | |
| 4 | 1165679 | 211656796 | 第二借阅区/ [索取号:K220.9/132] | 在馆 | |
| 5 | 1165680 | 211656803 | 第二借阅区/ [索取号:K220.9/132] | 在馆 |